000 00866nam a2200253Ia 4500
003 OSt
005 20220923224704.0
006 a|||||r|||| 00| 0
007 ta
008 220922b |||||||| |||| 00| 0 hin d
024 _a248,812
037 _cTextual
040 _aARTS
_cARTS
_bhin
041 _2hin
_ahin
082 _aO1520m31,1:g, N0
100 _aभल्ला, विनीता
_9156318
245 0 _aशिलप्पदिकारम् एवं पद्मावत
246 _aShilappadikāram evan padmāvata
260 _aदिल्ली
_b दिल्ली विश्वविद्यालय
_c1990
300 _a317पृ.
_ccm.
650 _aहिन्दी साहित्य
_9156264
942 _hO1520m31,1:g, N0
_cTEXL
_2CC
999 _c372970
_d372970